Một số vấn đề về giống trong từ vựng tiếng Anh
Guardat en:
| Autor principal: | |
|---|---|
| Altres autors: | |
| Format: | Llibre |
| Idioma: | Vietnamese |
| Publicat: |
Đà Nẵng :
Đại học Đà Nẵng,
1994.
|
| Matèries: | |
| Etiquetes: |
Afegir etiqueta
Sense etiquetes, Sigues el primer a etiquetar aquest registre!
|
| Thư viện lưu trữ: | Mạng thư viện Đại học Đà Nẵng |
|---|
| LEADER | 00963cmm a2200337 i 4500 | ||
|---|---|---|---|
| 001 | 000044856 | ||
| 003 | 3266 | ||
| 005 | 20030818201345.0 | ||
| 008 | 010228b1994 vm 000 vie | ||
| 040 | |a IRC |c IRC |d IRC | ||
| 041 | 0 | |a vie | |
| 082 | 1 | 4 | |a 425 |b ĐÔ-H |
| 100 | 1 | |a Đỗ Minh Hoàng. | |
| 245 | 0 | 0 | |a Một số vấn đề về giống trong từ vựng tiếng Anh |h [Thesis - Luận văn] / |c Đỗ Minh Hoàng thực hiện ; Phan Thị Bé hướng dẫn. |
| 260 | |a Đà Nẵng : |b Đại học Đà Nẵng, |c 1994. | ||
| 300 | |a 42Tr. ; |c 30cm. | ||
| 630 | 0 | 4 | |a Anh ngữ. |
| 630 | 0 | 4 | |a Từ vựng. |
| 630 | 0 | 4 | |a Giống. |
| 650 | 0 | 4 | |a Anh ngữ |x Ngữ pháp. |
| 700 | 1 | |a Phan Thị Bé, |e hướng dẫn. | |
| OWN | |a DUT | ||
| 999 | |a From the UDN01 | ||
| TYP | |a Computer file | ||
| TYP | |a Monograph | ||
| 980 | |a Mạng thư viện Đại học Đà Nẵng | ||